Statistics for Generator Dash #11

Click here to take the quiz!

General Stats

  • This quiz has been taken 109 times
  • The average score is 8 of 11

Answer Stats

HintAnswer% Correct
Cancel a mission (5)Abort
87%
Dangerous snake (5)Cobra
87%
Jewelled headwear (5)Tiara
83%
Chocolate source (5)Cacao
79%
Balkan republic (7)Croatia
77%
9-Letter WordACROBATIC
71%
Language in the above (6)Arabic
69%
Approximately, date-wise (5)Circa
67%
Tahrir Square locale (5)Cairo
62%
Word before circle or tern (6)Arctic
55%
Math relationship (5)Ratio
45%

Score Distribution

Percentile by Number Answered

Percent of People with Each Score

Your Score History

You have not taken this quiz